=LDR 00000nam 2200000 4500 =001 INLIS000000000037530 =005 20130612143247 =008 ***********************************Ind** =035 ##$$0010-061300000037530 =041 ##$$a Ind =082 ##$$a 372.3 =090 ##$$a 372.3, Lep b =100 ##$$a Lepora, Nathan =245 ##$$a Belajar dari wahana bermain mesin yang luar biasa, Nathan Lepora; Alih bahasa, Joe Lesmana =260 ##$$a 2010 $b Jakarta =300 ##$$a 31 hlm, Ilus, 28 cm =650 ##$$a Pendidikan Dasar - Sains =700 ##$$a Lesmana, Joe =850 ##$$a NBPNMAT